00482nam a2200169Ia 450000500170000000800410001702000180005804100120007608200130008810000230010124500550012425000120017926000480019130000210023965000260026065000260028620260429111920.0260429s9999||||xx |||||||||||||| ||und|| a9788197276507 aEnglish a660bSHR aShrivastava, Sonia 0aUses of industrial chemistry / cSonia Shrivastava a1st ed. aJaipur : bKeya International Press,c2025. aviii, 288 p.; hb a Industrial chemistry aChemical engineering